000
00346nam a2200157Ia 4500
008
151213s9999 xx 000 0 und d
100
_a
Carey
245
_a
The old man & the sea
_c
Carey
250
_a
1st
260
_a
Madraj
_b
Kalyami
_c
1999
300
_a
2502 p.
650
_a
English
650
_a
English
700
_a
Carey
999
_c
1709
_d
1709